Billy Joel Songs Quiz - Statistics

General Stats
  • This quiz has been taken 100 times
    49 since last reset
  • The average score is 33 of 117
Answer Stats
Cold Spring Harbor % Correct
Everybody Has A Dream /
100%
Piano Man
89%
We Didn't Start The Fire
75%
An Innocent Man
69%
Uptown Girl
69%
Vienna
69%
The River Of Dreams
67%
The Stranger
67%
Movin' Out (Anthony's Song)
61%
Scenes From An Italian Restaurant
58%
The Stranger (Reprise)
56%
Captain Jack
53%
New York State Of Mind
53%
Only The Good Die Young
53%
She's Always A Woman
53%
You May Be Right
53%
My Life
50%
Tell Her About It
47%
52nd Street
44%
Just The Way You Are
44%
She's Got A Way
44%
The Longest Time
44%
Allentown
42%
Big Shot
42%
Honesty
42%
Miami 2017 (Seen The Lights Go Out On Broadway)
42%
The Entertainer
42%
Zanzibar
42%
The Ballad Of Billy The Kid
39%
Everybody Loves You Now
36%
Goodnight Saigon
36%
Prelude / Angry Young Man
36%
Sleeping With The Television On
36%
Turn The Lights Back On
36%
A Matter Of Trust
31%
Baby Grand
31%
Don't Ask Me Why
31%
Keeping The Faith
31%
Say Goodbye To Hollywood
31%
Storm Front
31%
Summer, Highland Falls
31%
The Downeaster 'Alexa'
31%
Get It Right The First Time
28%
Sometimes A Fantasy
28%
Tomorrow Is Today
28%
I Go To Extremes
25%
Pressure
25%
This Is The Time
25%
You're My Home
25%
Ain't No Crime
22%
All For Leyna
22%
Falling Of The Rain
22%
It's Still Rock 'N' Roll To Me
22%
I've Loved These Days
22%
James
22%
Laura
22%
Leningrad
22%
Lullabye (Goodnight, My Angel)
22%
Nocturne
22%
Running On Ice
22%
You Can Make Me Free
22%
All About Soul
19%
And So It Goes
19%
Christie Lee
19%
Rosalinda's Eyes
19%
Stop In Nevada
19%
Streetlife Serenader
19%
Travelin' Prayer
19%
Where's The Orchestra
19%
Why Judy Why
19%
All You Want To Do Is Dance
17%
Half A Mile Away
17%
I Don't Want To Be Alone
17%
Leave A Tender Moment Alone
17%
Shameless
17%
She's Right On Time
17%
This Night
17%
Worse Comes To Worst
17%
A Room Of Our Own
14%
Big Man On Mulberry Street
14%
Blonde Over Blue
14%
Careless Talk
14%
C'etait Toi (You Were The One)
14%
Code Of Silence
14%
Easy Money
14%
Famous Last Words
14%
Got To Begin Again
14%
If I Only Had The Words (To Tell You)
14%
Root Beer Rag
14%
Scandinavian Skies
14%
Shades Of Grey
14%
Somewhere Along The Line
14%
Stiletto
14%
Temptation
14%
That's Not Her Style
14%
The Great Suburban Showdown
14%
Through The Long Night
14%
Turn Around
14%
Two Thousand Years
14%
Until The Night
14%
When In Rome
14%
You Look So Good To Me
14%
A Minor Variation
11%
Los Angelenos
11%
Modern Woman
11%
No Man's Land
11%
Roberta
11%
State Of Grace
11%
Surprises
11%
The Great Wall Of China
11%
The Mexican Connection
11%
Weekend Song
11%
Close To The Borderline
8%
Getting Closer
8%
Last Of The Big Time Spenders
8%
Souvenir
8%
All My Life
0%
No matching quizzes found
Score Distribution
Percent of People with Each Score
Percentile by Number Answered
Your Score History
You have not taken this quiz since the last reset